Responses for Show #4375 - Friday, September 19, 2003

Game data retrieved from an alternate archive.

Contestants

[<< previous game]

Chuck Champagne, a vice president of finance from Cumberland, Rhode Island

Dave Hoffman, an account manager from Los Angeles, California

Michael Shapiro, a college teacher from Honolulu, Hawaii (whose 1-day cash winnings total $25,500)

[next game >>]

Jeopardy! Round responses

HISTORY
I WANNA ROCK!
WAY OUT WEST
RACK YOUR BRAIN
PILOT TALK
THE "UN"CATEGORY
    $200 6
Canada

Dave
    $200 1
"Louie Louie"

Michael
    $200 11
Lewis & Clark

Michael
    $200 21
a spice rack

Michael
    $200 26
land

Dave
    $200 15
unmarked

Chuck
    $400 7
Leif Erikson

Michael
    $400 2
"Chariots of Fire"

Michael
    $400 12
a sheep

Michael
    $400 22
ruin

Michael
    $400 27
a climb

Dave
    $400 17
unauthorized

Chuck
    $600 8
Greece

Dave
    $600 3
"In-A-Gadda-Da-Vida"

Dave
    $600 13
(Chuck: The blue fir?)

the blue spruce

Chuck
Triple Stumper
    $600 23
pinion

Michael
    $600 28
taxi

Dave
    $600 18
the undead

Michael
    $800 9
Secretary General

Triple Stumper
    $800 4
(Dave: What is "Cheap Sunglasses"?)

"Frankenstein"

Dave
Triple Stumper
    $1,400 14
(Michael: [Shakes head] I don't know.)
(Alex: Well, that state is Utah, and the man in question here is [*].)

Brigham Young

Michael
    $800 24
(Michael: What is mutton?)
...
(Alex: It's called [*], and we have a minute to go, Michael.)

a crown roast

Michael
Triple Stumper
    $800 29
icing

Dave
    $800 19
(Alex: Yeah, you guys are all too young to remember the [*] typewriters.)

Underwood

Triple Stumper
    $1000 10
Pizarro

Chuck
    $1000 5
"Iron Man"

Michael
    $1000 16
(John) Sutter

Chuck
    $1000 25
rack focus

Dave
    $1000 30
turbulence

Chuck
    $1000 20
the Unconscious

Michael

Scores at the first commercial break (after clue 14):

Michael Dave Chuck
$1,200 $600 $400

Scores at the end of the Jeopardy! Round:

Michael Dave Chuck
$3,200 $3,600 $3,000

Double Jeopardy! Round responses

TIPS FROM THE ANCIENTS
FEMININE TERMS
MUSIC
DA BRONX
BEST PICTURES IN OTHER WORDS
(Alex: We're talking about Oscar-winning pictures here.)
(Alex: In honor of Constitution Week, we are here at...)
THE NATIONAL CONSTITUTION CENTER
    $400 12
Aesop

Michael
    $400 17
(Dave: What is a god?)
(Alex: God or [*], yes.)
[Shouts from the judges' table]
(Alex: Oh! Sorry. And I gave it to you. My bad, your bad. So, we were going for FEMININE TERMS. Make a selection again.)

goddess

Dave
Triple Stumper
    $400 22
the harp

Dave
    $400 6
Jake LaMotta

Dave
    $400 1
Patton

Chuck
    $400 11
(Chuck: What is Washington, D.C.?)

Philadelphia

MichaelChuck
    $800 13
Confucius

Chuck
    $800 18
a heroine

Dave
    $800 23
alto

Michael
    $800 7
Rikers Island

Chuck
    $800 2
Rain Man

Chuck
    $800 27
the Preamble

Chuck
    $1,200 14
a lever

Chuck
    $1200 19
a majorette

Dave
    $1200 24
(Alex: [After Michael's selection of the next clue] With a minute to go.)

a drum

Michael
    $1200 8
(Dave: Who is Fab Freddy?)

Grandmaster Flash

Dave
Triple Stumper
    $1200 3
The Godfather

Chuck
    $1200 28
the Constitutional Convention

Dave
    $1600 15
Pythagoras

Michael
    $1600 20
a waitress

Dave
    $1600 25
(Michael: What is a Fledermauser?)

Meistersinger

Michael
Triple Stumper
    $1600 9
(Walter) O'Malley

Chuck
    $1600 4
Unforgiven

Michael
    $1600 29
the Watergate

Dave
    $2000 16
no harm

Dave
    $2,000 21
(Dave: What is queen?)

actress

Dave
    $2000 26
pentatonic

Michael
    $2000 10
(Michael: Who is Bugsy Malone?)
(Dave: Who is Dutch?)
(Alex: Be more specific.)
[Dave shakes his head.]
(Alex: Sorry.)

Dutch Schultz

MichaelDave
Triple Stumper
    $2000 5
Grand Hotel

Triple Stumper
    $2000 30
(Chuck: Who is... Gerry? [Pronounced with a soft "G"])
(Alex: No.)
(Chuck: Elbridge Gerry? [Soft "G" again])
(Alex: No.)
...
(Alex: Chuck, you knew the man's name; it's Elbridge Gerry [hard "G"], but the word we're going for is [*] [soft "G"].)

gerrymandering

Chuck
Triple Stumper

Scores at the end of the Double Jeopardy! Round:

Michael Dave Chuck
$7,600 $7,200 $8,200

[wagering suggestions for these scores]

Final Jeopardy! Round responses

FICTIONAL CHARACTERS
(Alex: The margin is $2, and he is the new Jeopardy! champion. We will see you a week from now. On Monday, of course, we're back here with some very bright kids. Join us then. So long, everybody.)
[The show included a post-credits stinger with Alex on location playing with the sculpture of Ben Franklin in the National Constitution Center's Signers' Hall.]
DaveWho is Gunga Din Din
$7,199
MichaelWho is Gunga Din?
$7,599
ChuckWho is Gunga Din
$7,001
Gunga Din

Final scores:

Michael Dave Chuck
$15,199 $14,399 $15,201
2nd place: $2,000 3rd place: $1,000 New champion: $15,201

Game dynamics:

Coryat scores:

Michael Dave Chuck
$9,000 $9,200 $8,200
18 R,
4 W
(including 1 DD)
16 R,
5 W
(including 1 DD)
13 R
(including 1 DD),
3 W

Combined Coryat: $26,400

[game clues] [game scores] [suggest correction]

Game tape date: 2003-07-23
The J! Archive is created by fans, for fans. Scraping, republication, monetization, and malicious use prohibited; this site may use cookies and collect identifying information. See terms. The Jeopardy! game show and all elements thereof, including but not limited to copyright and trademark thereto, are the property of Jeopardy Productions, Inc. and are protected under law. This website is not affiliated with, sponsored by, or operated by Jeopardy Productions, Inc. Join the discussion at JBoard.tv.